000 00796nam a2200253Ia 4500
003 OSt
005 20220923211329.0
006 a|||||r|||| 00| 0
007 ta
008 Pun
020 _a9788182991316 (hbk)
_c195
024 _a241,289
037 _b7501/9, 19/11/2009, Arsee Publishers
_cTextual
040 _aARTS
_cARTS
_bPun
041 _2Pun
_aPun
082 _aO153,6:g, P8
100 _aਜੱਗੀ, ਰਤਨ ਸਿੰਘ
245 0 _aਪੁਰਾਤਨ ਪੰਜਾਬੀ ਵਾਰਤਕ
260 _aਦਿੱਲੀ
_b ਆਰਸੀ
_c2008
300 _a200ਪੰ
_ccm.
650 _aਪੰਜਾਬੀ ਸਾਹਿਤ
942 _hO153,6:g, P8
_cTEXL
_2CC
999 _c298558
_d298558